Engineering economy (Record no. 260200)

MARC details
000 -LEADER
fixed length control field 00673nam a2200229Ia 4500
008 - FIXED-LENGTH DATA ELEMENTS--GENERAL INFORMATION
fixed length control field 191130s2001##################000#0#eng##
020 ## - INTERNATIONAL STANDARD BOOK NUMBER
ISBN 9780130281289
082 ## - DEWEY DECIMAL CLASSIFICATION NUMBER
Classification number 658.155 THU
100 ## - MAIN ENTRY--AUTHOR NAME
Personal name Thuesen, G. J
245 ## - TITLE STATEMENT
Title Engineering economy
Statement of responsibility, etc G.J. Thuesen, W.J. Fabrycky
250 ## - EDITION STATEMENT
Edition statement 9th ed
260 ## - PUBLICATION, DISTRIBUTION, ETC. (IMPRINT)
Place of publication Upper Saddle River, NJ
Name of publisher Prentice Hall
Year of publication 2001
300 ## - PHYSICAL DESCRIPTION
Number of Pages xiv, 637 p. : ill. ; 25 cm
500 ## - GENERAL NOTE
General note Includes bibliographical references (p. 619-621) and index
650 ## - SUBJECT ADDED ENTRY--TOPICAL TERM
Topical Term Engineering economy
700 ## - ADDED ENTRY--PERSONAL NAME
Personal name Fabrycky, W. J
991 ## -
-- 210841
Holdings
Withdrawn status Lost status Damaged status Not for loan Home library Current library Shelving location Date acquired Full call number Accession Number Price effective from Koha item type
        Anna Centenary Library Anna Centenary Library 6TH FLOOR, A WING 13.10.2020 658.155 THU 314802 13.10.2020 English Books

Find us on the map